000 00664nam a2200253Ia 4500
003 OSt
005 20221006143411.0
006 a|||||r|||| 00| 0
007 ta
008 221006b |||||||| |||| 00| 0 eng d
020 _c
_3.00
024 _a8,858
037 _cTextual
040 _aEASL
_cEASL
_beng
041 _2eng
_aeng
082 _aX.1(X).N5, J8
100 _aBauer P. T.
245 0 _aEconomic analysis and policy in underdeveloped countries
260 _aCambridge
_bDuke University Press
_c1958
300 _a145p.
_ccm.
490 _v Oth
942 _hX.1(X).N5, J8
_cTEXL
_2CC
999 _c1076944
_d1076944